Juan Pablo Wojtyla (Record no. 52652)

MARC details
000 -LEADER
campo de control de longitud fija 00717nam a2200229 i 4500
001 - NÚMERO DE CONTROL
campo de control 52652
003 - IDENTIFICADOR DE NÚMERO DE CONTROL
campo de control ES-MaACL
005 - FECHA Y HORA DE LA ÚLTIMA TRANSACCIÓN
campo de control 20230906162624.0
007 - CAMPO FIJO DE DESCRIPCIÓN FÍSICA--INFORMACIÓN GENERAL
campo de control de longitud fija t|
008 - DATOS DE LONGITUD FIJA--INFORMACIÓN GENERAL
campo de control de longitud fija 030902s1980 sp ||||1| spa d
100 1# - ENTRADA PRINCIPAL--NOMBRE DE PERSONA
Nombre de persona De Andreis, Stefano.
9 (RLIN) 43033
245 10 - MENCIÓN DEL TÍTULO
Título Juan Pablo Wojtyla
Resto del título : (crónica insólita de un Papa) /
Mención de responsabilidad, etc. Stefano De Andreis, Marcella Leone ; [versión de Marta Vassallo].
250 ## - MENCION DE EDICION
Mención de edición [2ª ed.].
260 ## - PUBLICACIÓN, DISTRIBUCIÓN, ETC.
Lugar de publicación, distribución, etc. Barcelona :
Nombre del editor, distribuidor, etc. Laia,
Fecha de publicación, distribución, etc. [1980]
300 ## - DESCRIPCIÓN FÍSICA
Extensión 433 p., 4 lám. ;
Dimensiones 20 cm.
490 1# - MENCIÓN DE SERIE
Mención de serie Laia Paperback
700 1# - ENTRADA AGREGADA--NOMBRE PERSONAL
Nombre de persona Leone, Marcella.
9 (RLIN) 71681
700 1# - ENTRADA AGREGADA--NOMBRE PERSONAL
Nombre de persona Vassallo, Marta.
9 (RLIN) 113284
830 0# - PUNTO DE ACCESO ADICIONAL DE SERIE-TÍTULO UNIFORME
Título uniforme Laia Paperback
9 (RLIN) 181897
852 ## - LOCALIZACIÓN
Ubicación ES-MaACL
Número de control de estantería A-10919
Sublocalización o colección R.100281
Holdings
Estatus retirado Estado de pérdida Estado de daño No para préstamo Biblioteca de origen Biblioteca actual Ubicación en estantería Fecha de adquisición Fuente de adquisición Total de préstamos Signatura topográfica completa Código de barras Visto por última vez Precio de reemplazo Tipo de ítem Koha
        Biblioteca del Ateneo de Madrid Biblioteca del Ateneo de Madrid Depósito 1 17/01/2008     A-10919 1055338 23/02/2023 23/02/2023 Libro impreso